| 000 | 01623nam a2200433 i 4500 | ||
|---|---|---|---|
| 001 | 35914 | ||
| 003 | KOSZ 005 | ||
| 005 | 20210211150014.0 | ||
| 008 | 991010s1999 pl a f f |000 0 pol | ||
| 020 | _a8387424072 | ||
| 040 |
_cKOSZ 005 _aKOSZ 005 _dKOSZ 005/HR |
||
| 046 | _k1993 | ||
| 080 | _a628.3 | ||
| 080 | _a628.5 | ||
| 080 | _a(075.8) | ||
| 100 | 1 |
_aAnielak, Anna Maria _d(1952- ) _eAutor |
|
| 245 | 1 | 0 |
_aWybrane zagadnienia z technologii ścieków przemysłowych : _bprzewodnik do ćwiczeń laboratoryjnych / _cAnna M. Anielak ; Politechnika Koszalińska. |
| 250 | _a[Wyd. 3]. | ||
| 260 |
_aKoszalin : _bWydaw. PK, _c1999. |
||
| 300 |
_a145, [2] s., [9] s. tabl. : _bfot., rys., wykr. ; _c24 cm. |
||
| 336 |
_2rdacontent _aTekst _btxt |
||
| 337 |
_2rdamedia _aBez urządzenia pośredniczącego _bn |
||
| 338 |
_2rdacarrier _aWolumin _bnc |
||
| 380 | _aKsiążki | ||
| 380 | _aPublikacje dydaktyczne | ||
| 385 |
_mPoziom nauczania _aSzkoły wyższe |
||
| 388 | _a1901-2000 | ||
| 388 | _a1989-2000 | ||
| 504 | _aBibliogr. przy rozdz. | ||
| 650 | 9 | _aŚcieki przemysłowe | |
| 650 | 9 | _aOczyszczanie ścieków | |
| 650 | 9 | _aOczyszczalnia ścieków | |
| 655 | _aPodręczniki akademickie | ||
| 658 | _aInżynieria i technika | ||
| 710 | 0 |
_aWydawnictwo Uczelniane (Politechnika Koszalińska) _4pbl. |
|
| 856 |
_uhttp://koha.tu.koszalin.pl/cgi-bin/koha/opac-detail.pl?biblionumber=35914 _yKatalog online BPK |
||
| 856 |
_uhttp://dlibra.tu.koszalin.pl/dlibra/docmetadata?id=582&from=&dirids=1&ver_id=&lp=2&QI= _yBiblioteka Cyfrowa |
||
| 942 |
_cKS _2UKD |
||
| 999 |
_c35914 _d35914 |
||